LEADER 01107nam0-2200361---450- 001 990008596150403321 005 20080107140743.0 020 $b689934 035 $a000859615 035 $aFED01000859615 035 $a(Aleph)000859615FED01 035 $a000859615 100 $a20071217d1968----km-y0itay50------ba 101 0 $aita 102 $aIT 105 $ay-------001yy 200 1 $aSui fatti di Cecoslovacchia$e[l'atteggiamento dei comunisti italiani di fronte all'intervento militare sovietico in Cecoslovacchia]$fLuigi Longo 210 $aRoma$cEditori riuniti$dc1968 215 $a201 p.$d19 cm 225 1 $a<>punto$v13 300 $aIn appendice interventi di Palmiro Togliatti 606 $aCecoslovacchia - 1968$2FI 676 $a943.7$v16 676 $a943.7$v17 700 1$aLongo,$bLuigi$f<1900-1980>$0322373 702 1$aTogliatti,$bPalmiro$f<1893-1964> 801 0$aIT$bUNINA$gRICA$2UNIMARC 901 $aBK 912 $a990008596150403321 952 $aXXXI B 1567$b687$fNAP02 959 $aNAP02 996 $aSui fatti di Cecoslovacchia$9712796 997 $aUNINA LEADER 02432nam 2200517 450 001 9910793297303321 005 20200520144314.0 010 $a3-0356-1516-0 024 7 $a10.1515/9783035615166 035 $a(CKB)4100000007123607 035 $a(DE-B1597)488674 035 $a(OCoLC)1059278625 035 $a(DE-B1597)9783035615166 035 $a(Au-PeEL)EBL5574860 035 $a(OCoLC)1066193543 035 $a(MiAaPQ)EBC5574860 035 $a(EXLCZ)994100000007123607 100 $a20190114d2018 uy 0 101 0 $ager 135 $aurcnu|||||||| 181 $ctxt$2rdacontent 182 $cc$2rdamedia 183 $acr$2rdacarrier 200 10$aTragwerke /$fAnton Pech, Andreas Kolbitsch, Franz Zach ; unter Mitarbeit von Johannes Zeininger 205 $aZweite, aktualisierte Auflage. 210 1$aBasel :$cBirkhauser,$d[2018] 210 4$d©2018 215 $a1 online resource (172 pages) 225 0 $aBaukonstruktionen ;$v1614-1288 311 $a3-0356-1545-4 327 $tFrontmatter --$tVorwort früherer Auflagen --$tVorwort zur 2. Auflage --$tFachbuchreihe BAUKONSTRUKTIONEN --$tInhaltsverzeichnis Band 2: Tragwerke --$tGrundlagen --$tEinwirkungen --$tSicherheit --$tLinientragwerke --$tFlächentragwerke --$tRaumtragwerke --$tBauwerke --$tTabellen --$tQuellennachweis --$tLiteraturverzeichnis --$tSachverzeichnis 330 $aDer überarbeitete Einführungsband zeigt und erläutert das Zusammenwirken aller Konstruktionsteile im Bauwerk zur Abtragung horizontaler und vertikaler Einwirkungen in den Baugrund. Typische Tragwerkselemente, insbesondere die im Hochbau eingesetzten Flächentragwerke, die für die Modellierung komplexer Strukturen verwendete Fachwerksanalogie sowie die Gebäudesicherheitsklassen werden eingehend dargestellt. Enthalten ist auch ein Überblick zur aktuellen Bauweise im Massiv- und Skelettbau. Die Risikoanalyse für Bestandsgebäude sowie Konstruktionsbeispiele wurden neu aufgenommen, die Normen auf europäische Regelungen umgestellt. 606 $aMechanical engineering 615 0$aMechanical engineering. 676 $a621.0286 700 $aPech$b Anton$01107094 702 $aKolbitsch$b Andreas 702 $aZach$b Franz 702 $aZeininger$b Johannes 801 0$bMiAaPQ 801 1$bMiAaPQ 801 2$bMiAaPQ 906 $aBOOK 912 $a9910793297303321 996 $aTragwerke$93797943 997 $aUNINA